00946nam a2200217 a 450000100060000000300090000600800410001502000150005604000280007108200180009910000480011724500280016526000320019330000110022550502380023665000440047465000280051894200120054699900170055895201530057515072CO-ViMGA141112s2004 ck r 000 u spa d a9582406380 aCO-ViMGAbspacCO-ViMGA04a540 653q - II1 aMondragón Martinez, Cesar Humberto92190910aQuímica Santillana II aBogotá, cSantillana 2001 a288.p. aQuímica organica - Conceptos - Historia Compuestos organicos Los hidrocarburos Funciones oxigenadas Acidos carboxilicos y funciones nitrogenadas Compuesto de interes bioquimico I, 1 Compuestos de interes bioquimico II, 2 Quimica 1114aQUIMICA - ENSEÑANZA SECUNDARIA92191014aQUIMICA ORGANICA916925 2ddccBK c25498d25498 01102ddc44708003aMEVIECARbMEVIECARd2015-12-04hVolumen. 1 | 11/jun/2009l0o540 653q - II p15072r2015-12-04 00:00:00tEj. 1w2015-12-04yBK